| 000 | 00401nam a22001217a 4500 | ||
|---|---|---|---|
| 082 | _a200 THE | ||
| 100 |
_aMaham Mehr Awan _969490 |
||
| 245 | _aTH-SOF-1541-Identification, Prioritization and Mitigation of Software Risks Using Delphi Technique | ||
| 260 |
_aISLAMABAD _bNUST COLLEGE OF EME _c2018 |
||
| 650 | _aMS-CSE-14 MSTHESIS | ||
| 700 |
_aSUPERVISOR Dr. Wasi Haider Butt _969491 |
||
| 942 | _cCF | ||
| 999 |
_c576742 _d576742 |
||